Регионална библиотека "Любен Каравелов" - Русе

Езикът на Пустотата (Запис номер 110012)

MARC детайли
000 -Лидер
Контролно поле с фиксирана дължина 01717nam a2200421 c 4500
003 - Код на организацията, давaща контролен номер
Контролно поле BLK
005 - Дата и час на последна редакция
Контролно поле 20180422105935.0
008 - Елементи от данни с фиксирана дължина
fixed length control field 180409b bul|||||r ||||||| ||bul||
010 ## - Наследен системен номер
LC control number KNG00115333000
020 ## - Международен стандартен номер на книга ISBN
Международен стандартен номер на книга ISBN 954-677-028-0
-- издат.: Фонд. за бълг. лит.
040 ## - Източник на каталожния запис
Идентификатор на билиотеката - собственик на записа BLK
041 ## - Код за език
Код за езика на текст/звукозапис или на отделно заглавие Български
Код за езика КДБФ Български
080 ## - УДК
Текстов определител УДК Литература
УДК код - определител по УДК 82
УДК определител -1.01
УДК - код + определител 82-1.01
080 ## - УДК
Текстов определител УДК Теория, философия, произход и развитие на езика
УДК код - определител по УДК 81`1
УДК определител
УДК - код + определител 81`1
080 ## - УДК
Текстов определител УДК Философия на културата. Теория на културните области
УДК код - определител по УДК 130.2
УДК определител (5-11)(091)
УДК - код + определител 130.2(5-11)(091)
080 ## - УДК
Текстов определител УДК Българска литература
УДК код - определител по УДК 821.163.2
УДК определител -1.01
УДК - код + определител 821.163.2-1.01
100 1# - Редна дума - Автор
Автор Николова, Антоанета Николова
Авторска отговорност първи автор
R(LIN) 373988
139 ## - Редно поле
Редна дума Николова, Антоанета Николова
Авторски знак Николова - Н 75
245 10 - Сведения за заглавието
Заглавие Езикът на Пустотата
Редно поле (дума) Антоанета Николова Николова.
257 ## - Страна на издаване
Страна на създаване/издаване България
260 ## - Област на издателските данни
-- София
Име на издателя, разпространителя и проч. Фонд. за бълг. лит.
Година на издаване 2003
Печатница София : Симолини 94
300 ## - Физическа характеристика
Страници 319 с.
Размери/Мащаб 22 см
380 ## - Жанр
Жанр Литературознание
500 ## - Общи забележки
Забележка Офс. изд.
650 #4 - Допълнително описание по предмет – тема
Основно описание – тема или топоним Поезия
9 (RLIN) 166642
650 #4 - Допълнително описание по предмет – тема
Основно описание – тема или топоним Поетика
9 (RLIN) 166751
650 #4 - Допълнително описание по предмет – тема
Основно описание – тема или топоним Философия, източна
9 (RLIN) 262500
650 #4 - Допълнително описание по предмет – тема
Основно описание – тема или топоним Поезия, българска - философски проблеми
9 (RLIN) 311720
653 ## - Ключова дума – ненормативна
Ключова дума поезия
653 ## - Ключова дума – ненормативна
Ключова дума поетика
653 ## - Ключова дума – ненормативна
Ключова дума българска поезия
653 ## - Ключова дума – ненормативна
Ключова дума философия
852 ## - Местоположение
Форматна сигнатура Цб 221050
856 4# - Електронен адрес и достъп
Електронен формат pdf - файл
Път до файла /url/
856 4# - Електронен адрес и достъп
Електронен формат pdf - файл
Път до файла /url/
942 ## - АРТИКУЛИ
Вид на библиотечния материал Книги
Скрит в OPAC Не
944 ## - СЪЗДАВАНЕ И РЕДАКЦИЯ на ЗАПИСА
Създаване/Редакция Създаване
Дата на регистрацията/редакция 06.10.2004
Служител, извършил регистрацията/редакцията Людмила_Стоянова
944 ## - СЪЗДАВАНЕ И РЕДАКЦИЯ на ЗАПИСА
Създаване/Редакция Редакция
Дата на регистрацията/редакция 03.07.2009
Служител, извършил регистрацията/редакцията
999 ## - СИСТЕМНИ КОНТРОЛНИ НОМЕРА
Koha biblionumber 110012
Koha biblioitemnumber 110012
Наличности
Код за отписване Код за изгубен артикул Код за повреда Коз за рестрикции Код за отдаване Артикулен № Име на библиотеката - собственик Име на библиотеката, в която се намира в момента Статус (Текущо местоположение) Дата на вписване в системата Местоположение - отдел Цена в лева Инвентарен номер Систематично азбучна сигнатура Баркод Номер на екземпляра Цена в евро Служебна бележка Служебен тип на артикула Източник на класификационната схема
  Не е изгубен Не е повреден без рестрикции ползва се в читалня 177206 Регионална библиотека "Любен Каравелов" Русе Регионална библиотека "Любен Каравелов" Русе Хранилище 2004-10-06 Хранилище 0.00 120000688995 Цб 221050 120000688995 1 0.00 Дост: Dp Вид: Д N: 47 Дата: 12.11.2003 Книги  
  Не е изгубен Не е повреден без рестрикции заемане за дома 177207 Регионална библиотека "Любен Каравелов" Русе Регионална библиотека "Любен Каравелов" Русе Заемна - подръчен фонд 2009-06-29 Заемна - подръчен фонд 10.00 120000736556 82.01/.09/Н 75 120000736556 2 5.11 Дост: DA Вид: А N: 7 Дата: 29.06.2009 Дата инв: 08.02.2018 Бележки инв: П2018 Книги Universal Decimal Classification
Vip Innovations Ltd, Rousse, Bulgaria 2025